El fulgor /

Kaydedildi:
Detaylı Bibliyografya
Yazar: Valente, José Angel (autor)
Materyal Türü: Kitap
Dil:İspanyolca
Baskı/Yayın Bilgisi: Madrid, España : Cátedra, 1988, c1988
Edisyon:2a edición
Seri Bilgileri:(Poesía Cátedra)
Konular:
Etiketler: Etiketle
Etiket eklenmemiş, İlk siz ekleyin!

MARC

LEADER 00000nam^a2200000^a^4500
001 000132881
005 20250521000000.0
009 20260310095112.138
020 |a 84-376-0477-X 
037 |a Acervo ITESO - Biblioteca 
041 |a ESP 
082 |a 861.  |b VAL 
100 |a Valente, José Angel  |e (autor) 
245 1 3 |a El fulgor /  |c J.A. Valente. 
250 |a 2a edición 
264 4 |a Madrid, España :  |b Cátedra,  |c 1988, c1988 
300 |a 44 p. 
336 |a texto  |b txt  |2 rdacontenido 
337 |a sin mediación  |b n  |2 rdamedio 
338 |a volumen  |b nc  |2 rdasoporte 
440 1 |a (Poesía Cátedra) 
545 0 |a José Angel Valente (Orense, Galicia, 1929 – Ginebra, Suiza, 2000), escritor español. Estudió Derecho en la Universidad de Santiago de Compostela y Filología Románica en la Complutense de Madrid y ejerció la docencia en el Departamento de Filología Hispánica de la Universidad de Oxford. Muy bien recibido por A modo de esperanza (1955, Premio Adonáis de Poesía 1954) y Poemas a Lázaro (1960, Premio de la Crítica de poesía castellana 1961), su creación se desplazó después hacia la experiencia interior y una preocupación progresiva por la lengua poética, cambio en el que influyó el pensamiento de María Zambrano. La memoria y los signos (1966); Siete representaciones (1967); Breve son (1968); Presentación y memorial para un monumento (1970); El inocente (1970); Tres lecciones de tinieblas (1980, Premio de la Crítica de poesía castellana); Estancias (1981); Mandorla (1982); Al dios del lugar (1989), No amanece el cantor (1992, Premio Nacional de Poesía 1993) y Fragmentos de un libro futuro (2000, Premio Nacional de Poesía 2001) forman parte de una rica obra poética, recogida progresivamente en Punto cero: poesía, 1953-1979 (1979), Material memoria: trece años de poesía, 1979-1992 (1995), Poesía y prosa (2006) y Poesía completa (2014). Las palabras de la tribu (1971), Variaciones sobre el pájaro y la red (1991) y La experiencia abisal (2004) sobresalen entre su ensayos, vertiente en la que también se inscriben sus colaboraciones con artistas plásticos como Antonio Saura, Antoni Tàpies y Jeanne Chavalier. Traductor de Konstantinos Kavafis y otros poetas, su Cuaderno de versiones (2002) y el interesante Diario anónimo: 1959-2000 (2011) también pertenecen a su bibliografía póstuma. Premio Principe de Asturias de las Letras (1988) y Premio Reina Sofía de Poesía Iberoamericana (1998), fue nombrado Doctor Honoris Causa por su alma máter compostelana (1999). 
586 |a Premio Príncipe de Asturias de las Letras 1988, ex aequo 
649 |a XX 
650 |a Poesía Española 
650 |a Literatura Española -  |y Siglo XX 
910 |a Fondo General 
920 |a Impresos - Libros 
930 |a Colección General 
940 |a Literatura 
905 |a 101 
901 |a 0500062010  |b IT1  |c LIT  |u 20250521 
902 |a https://opac.biblio.iteso.mx/vufind/Record/000132881